000 00644cam a22002293a 4500
001 13089
003 PGUSA
005 20140828083301.0
008 040803s2004||||xxu|||||s|||||000 | eng d
040 _aPGUSA
_beng
042 _adc
050 4 _aPN
100 1 _aGardiner, J. H.
_q(John Hays),
_d1863-1913
245 1 4 _aThe Making of Arguments
_h[electronic resource] /
_cJ. H. Gardiner
260 _bProject Gutenberg,
_c2004
506 _aPublic domain in the USA.
516 _aElectronic text
653 _aDebates and debating
830 0 _aProject Gutenberg
_v13089
856 4 0 _uhttp://www.gutenberg.org/ebooks/13089
942 _cEB
999 _c242344
_d242344